| 000 | 00670nam a2200193 a 4500 | ||
|---|---|---|---|
| 005 | 20140412111246.0 | ||
| 008 | 001207s19uu xx 00 eng d | ||
| 050 |
_aER _bTe22Ha 1992 |
||
| 245 | _aThe Teddy Bear's: Have a dream. | ||
| 260 |
_aMontreal, Canada : _bTormont Publication Inc, _c1992. |
||
| 300 | _a1 v. (unp.) ; ill. | ||
| 440 | _aThe Teddy Bears Adventure Books | ||
| 520 | _aIt is a warm, moonlit night. The three bears, Ragtime, Tatty Ted and BB are very sleepy. Tatty Ted looks up at the stars and starts to dream. | ||
| 650 | _aDreams--Fiction | ||
| 650 | _aBears--Fiction | ||
| 650 | _aChildren stories | ||
| 999 |
_c102947 _d102947 |
||